000 00420cam a22001217a 4500
008 180718b xxu||||| |||| 00| 0 eng d
082 _aT2508x54 Al51
245 _aScheme of management courses
_cby Ministry of Education & Scientific Research, India
260 _a
_bGovernment of India
_c
500 _aChairman: J.J. Ghandy
700 _aGhandy, J.J. (chairman)
700 _aIndia. Ministry of Education & Scientific Research
999 _c497789
_d497789